|
|
|
|
| LEADER |
01486nam a2200385 a 4500 |
| 001 |
000587839 |
| 003 |
CZ BrMZK |
| 005 |
20140107071322.0 |
| 007 |
ta |
| 008 |
020220s2002 xr e p cze d |
| 015 |
|
|
|a cnb001089657
|
| 020 |
|
|
|a 80-213-0855-9
|
| 020 |
|
|
|a 978-80-213-0855-8
|q (dotisk :
|q brož.)
|
| 035 |
|
|
|a (OCoLC)51191484
|
| 040 |
|
|
|a BOA001
|b cze
|
| 072 |
|
7 |
|a 531
|x Obecná mechanika. Mechanika pevných a tuhých těles
|2 Konspekt
|9 6
|
| 072 |
|
7 |
|a 37.016
|x Učební osnovy. Vyučovací předměty. Učebnice
|2 Konspekt
|9 22
|
| 080 |
|
|
|a 531.8
|2 MRF
|
| 080 |
|
|
|a 531.21/.25
|2 MRF
|
| 080 |
|
|
|a (075.8)
|2 MRF
|
| 100 |
1 |
|
|a Šleger, Vladimír,
|d 1960-
|7 xx0027769
|4 aut
|
| 245 |
1 |
0 |
|a Statika s příklady od A do Z /
|c Vladimír Šleger, Pavel Neuberger
|
| 250 |
|
|
|a Vyd. 1.
|
| 260 |
|
|
|a V Praze :
|b Česká zemědělská univerzita, Technická fakulta,
|c 2002
|
| 300 |
|
|
|a 116 s. :
|b il. ;
|c 29 cm
|
| 504 |
|
|
|a Obsahuje bibliografii
|
| 521 |
|
|
|a Určeno pro posluchače ČZU v Praze
|
| 650 |
0 |
7 |
|a technická mechanika
|7 ph126462
|2 czenas
|
| 650 |
0 |
7 |
|a statika
|7 ph126058
|2 czenas
|
| 655 |
|
7 |
|a učebnice vysokých škol
|7 fd133772
|2 czenas
|
| 700 |
1 |
|
|a Neuberger, Pavel,
|d 1968-
|7 xx0000588
|4 aut
|
| 910 |
|
|
|a BOA001
|b 3-1098.353
|
| 990 |
|
|
|a BK
|
| 996 |
6 |
|
|b 2610153450
|c 3-1098.353
|l MZK
|r Sklad / do 1 hodiny
|n 1
|p p.v.
|w 000587839
|u 000010
|a 1
|e BOA001
|j MZK50
|s P
|
| 996 |
7 |
|
|b 2610575114
|c 3-1098.353
|l MZK
|r Sklad / do 1 hodiny
|n 1
|p p.v.
|w 000587839
|u 000020
|a 1
|e BOA001
|j MZK50
|s A
|